Zwierzęta Ameryki Południowej - Nagła Śmierć - Statystyki

Ogólne statystyki
  • Ten quiz został rozwiązany 97 razy
    89 od ostatniego zresetowania
  • Średni wynik to 4 z 16
Answers on the Grid
Answers color-coded by a green-red scale on the quiz's grid according to % correct below.
Mrównik
Anakonda
Kondor andyjski
Bongo leśne
Kapibara
Kojot
Kolczatka
Lis fenek
Mrówkojad wielki
Gibon
Nandu szare
Gwanako
Wyjec
Ara hiacyntowa
Jaguar
Kobra królewska
Waran z Komodo
Pampasowiec grzywiasty
Tamaryna
Orangutan
Struś
Pirania
Pandka ruda
Lemur katta
Andoniedźwiedź okularowy
Tapir
Leniwiec trójpalczasty
Tilapia
Tukan
Walabia bagienna
Guziec
Rosomak
 
Statystyki odpowiedzi
Odpowiedź % Poprawnych
Jaguar
50%
Anakonda
47%
Pirania
47%
Tukan
44%
Kondor andyjski
36%
Tapir
33%
Mrówkojad wielki
31%
Ara hiacyntowa
28%
Kapibara
28%
Wyjec
19%
Pampasowiec grzywiasty
17%
Andoniedźwiedź okularowy
14%
Gwanako
14%
Leniwiec trójpalczasty
14%
Nandu szare
11%
Tamaryna
6%
Nie znaleziono quizów pasujących do podanych kryteriów
Rozkład punktacji
Procent ludzi z każdym wynikiem
Percentyl według liczby udzielonych odpowiedzi
Twoja historia wyników
Nie rozwiązałeś tego quizu od ostatniego zresetowania